Emotion marketing (Бичлэгийн дугаар. 145595)
| 000 -УДИРДЛАГА | |
|---|---|
| Удирдлага | 00964nam a22003137a 4500 |
| 003 - ХЯНАЛТЫН ТОО ТОДОРХОЙЛОГЧ | |
| Код | MN-UlNUM |
| 005 - БИЧИЛТ ХИЙСЭН ОГНОО | |
| Тухайн бичилтийг бичсэн засварласан сүүлийн огноо | 20251114104141.0 |
| 008 - ЕРӨНХИЙ МЭДЭЭЛЭЛ | |
| Ерөнхий мэдээлэл | 251114s2001 nyuab||| |||| 001 0 eng | |
| 020 ## - ISBN | |
| ISBN | 0071364145 |
| 040 ## - БИЧЛЭГ ҮҮСГЭГЧ БАЙГУУЛЛАГА | |
| Бичлэг үүсгэгч номын сангийн код | МУИС-ийн номын сан |
| 084 ## - ББК АНГИЛАЛ | |
| Нэмэлт тусгалт | Гарын авлага |
| ББК ангилал | 65.290-2 |
| Зохиогчийн гурван тэмдэгт | R 67 |
| Мэдлэгийн ялгаа | 65 - Эдийн засаг |
| 100 1# - ЗОХИОГЧ | |
| Зохиогчийн нэр | Robinette, Scott. |
| 245 10 - ҮНДСЭН ГАРЧИГ | |
| Номын нэр | Emotion marketing |
| Бага гарчгийн мэдээ | the Hallmark way of winning customers for life |
| Оролцогчдын тухай мэдээ | Scott Robinette and Claire Brand ; with Vicki Lenz. |
| 260 ## - ГАРАЛТЫН МЭДЭЭ | |
| Хэвлэгдсэн газар | New York : |
| Хэвлэлийн газар | McGraw-Hill, |
| Хэвлэгдсэн он | 2001. |
| 300 ## - МАТЕРИАЛЫН ТОДОРХОЙЛОЛТ | |
| хуудасны тоо | 247 p. : |
| Бусад тоон мэдээлэл | ill. ; |
| Хэмжээ | 24 cm |
| 500 ## - Тайлбар | |
| Дансны дугаар | БС 2105 |
| 546 ## - ХЭЛНИЙ ТУХАЙ МЭДЭЭ | |
| Хэл | Англи хэл дээр, |
| 653 ## - Түлхүүр үг | |
| Түлхүүр үг | tarketing |
| 653 ## - Түлхүүр үг | |
| Түлхүүр үг | customer relations. |
| 653 ## - Түлхүүр үг | |
| Түлхүүр үг | consumer satisfaction |
| 700 1# - ХАМ ЗОХИОГЧИД | |
| Ба бус | Brand, Claire. |
| 700 1# - ХАМ ЗОХИОГЧИД | |
| Ба бус | Lenz, Vicki. |
| 740 ## - НОМЫН ГАРЧИГ | |
| Гарчиг | The Business Case for Emotion Marketing |
| 740 ## - НОМЫН ГАРЧИГ | |
| Гарчиг | The Value Star - A Model for Emotion Marketing |
| 740 ## - НОМЫН ГАРЧИГ | |
| Гарчиг | Emotional E: Equity. |
| 740 ## - НОМЫН ГАРЧИГ | |
| Гарчиг | Emotional E: Experience |
| 942 ## - ЭЛЕМЕНТИЙН ТӨРӨЛ | |
| Зүйлийн төрөл | Ном |
